00289nam a2200121Ia 4500008004100000082001600041100001600057245003800073250000800111260003200119300000800151650000800159191201s2013 xx 000 0 und d a658.81bGUS aGUPTA, S.L. 0aSales and Distribution Management aRep aN. DelhibExcel Booksc2013 a814 aBBA